Регионална библиотека "Любен Каравелов" - Русе

Прастари времена (Запис номер 348354)

MARC детайли
000 -Лидер
Контролно поле с фиксирана дължина 01236nam a2200349 c 4500
003 - Код на организацията, давaща контролен номер
Контролно поле BLK
005 - Дата и час на последна редакция
Контролно поле 20250320160143.0
008 - Елементи от данни с фиксирана дължина
fixed length control field 180408b bul|||||r ||||||| ||bul||
010 ## - Наследен системен номер
LC control number KNG00051195000
020 ## - Международен стандартен номер на книга ISBN
Международен стандартен номер на книга ISBN 9789542962663
040 ## - Източник на каталожния запис
Идентификатор на билиотеката - собственик на записа BLK
041 ## - Код за език
Код за езика на текст/звукозапис или на отделно заглавие Български
Код за езика КДБФ Български
080 ## - УДК
Текстов определител УДК Българска литература
УДК код - определител по УДК 821.163.2
УДК определител -31
УДК - код + определител 821.163.2-31
100 ## - Редна дума - Автор
Автор Григорова, Ирена
Авторска отговорност първи автор
R(LIN) 1299
139 ## - Редно поле
Редна дума Григорова, Ирена
Авторски знак Григ - Г 82
245 10 - Сведения за заглавието
Заглавие Прастари времена
Подзаглавни данни Крилати юнаци, великани, птицехора и исполини по нашите земи
Редно поле (дума) Ирена Григорова
257 ## - Страна на издаване
Страна на създаване/издаване България
260 ## - Област на издателските данни
Име на издателя, разпространителя и проч. Апостроф
Година на издаване 2019
9 (RLIN) 217700
Място на издаване, разпространение и проч. София
Издателство - префикс ISBN 978-954-2962-
300 ## - Физическа характеристика
Размери/Мащаб 1 см
Страници 367 с.
Илюстрации и др. със сн.
380 ## - Жанр
Жанр Худож. лит.
760 ## - Описание на основната серия
Редна дума на основното описание Григорова, Ирена
Издание Прастари времена
Място на издаване, издател и година Апостроф
Страници - том 367 с.
852 ## - Местоположение
Фондова буква Заемна - подръчен фонд
Систематично-азбучна сигнатура П 886.7-9/Г 82
856 4# - Електронен адрес и достъп
Електронен формат pdf - файл
856 4# - Електронен адрес и достъп
Електронен формат pdf - файл
999 ## - СИСТЕМНИ КОНТРОЛНИ НОМЕРА
Koha biblionumber 348354
Koha biblioitemnumber 348354
942 ## - АРТИКУЛИ
Вид на библиотечния материал Книги
Скрит в OPAC Не
Koha issues (borrowed), all copies 18
Периодичен библиозапис Да
944 ## - СЪЗДАВАНЕ И РЕДАКЦИЯ на ЗАПИСА
Създаване/Редакция Създаване
Дата на регистрацията/редакция 2020-01-31
Служител, извършил регистрацията/редакцията 30575
Статус, дата на статуса Мартин Енчев
944 ## - СЪЗДАВАНЕ И РЕДАКЦИЯ на ЗАПИСА
Създаване/Редакция Редакция
Дата на регистрацията/редакция 2020-01-31
999 ## - СИСТЕМНИ КОНТРОЛНИ НОМЕРА
Koha biblioitemnumber 348354
999 ## - СИСТЕМНИ КОНТРОЛНИ НОМЕРА
Koha biblioitemnumber 348340
999 ## - СИСТЕМНИ КОНТРОЛНИ НОМЕРА
Koha biblioitemnumber 348340
999 ## - СИСТЕМНИ КОНТРОЛНИ НОМЕРА
Koha biblioitemnumber 47383
Наличности
Код за отписване Код за изгубен артикул Източник на класификационната схема Код за повреда Коз за рестрикции Код за отдаване Артикулен № Име на библиотеката - собственик Име на библиотеката, в която се намира в момента Статус (Текущо местоположение) Дата на вписване в системата Местоположение - отдел Цена в лева Систематично азбучна сигнатура Баркод Цена в евро Служебен тип на артикула
  Не е изгубен Universal Decimal Classification Не е повреден без рестрикции заемане за дома 754993 Регионална библиотека "Любен Каравелов" Русе Регионална библиотека "Любен Каравелов" Русе Заемна - подръчен фонд 2020-01-31 Заемна - подръчен фонд 13.50 П 886.7-9/ Г 82 120000842126 6.90 Книги
Vip Innovations Ltd, Rousse, Bulgaria 2025